[Event "Druzynowe Mistrzostwa Polski Juniorow - II liga"]
[Site "Sypniewo k. Jastowia"]
[Date "2024-06-17"]
[Round "5.3"]
[White "Oles, Mateusz"]
[Black "Futyma, Dawid"]
[Result "1/2-1/2"]
[WhiteTitle "I"]
[BlackTitle "I"]
[WhiteElo "1771"]
[BlackElo "1866"]

1. e4 c6 2. Nf3 d5 3. Nc3 dxe4 4. Nxe4 Nf6 5. Qe2 Nxe4 6. Qxe4 Nd7 7. d4 Nf6 8.
Qd3 Bg4 9. c3 e6 10. Ne5 Bf5 11. Qf3 h6 12. Bd3 Bxd3 13. Qxd3 Bd6 14. Nc4 Bc7
15. Qf3 O-O 16. Bf4 Bxf4 17. Qxf4 Qd5 18. Ne3 Qb5 19. O-O-O Qa4 20. Kb1 b5 21.
g4 Nd5 22. Nxd5 cxd5 23. h4 b4 24. cxb4 Qxb4 25. Rh3 Rac8 26. Rb3 Qc4 27. Rc3
Qe2 28. Qf3 Qxf3 29. Rxf3 Rc4 30. b3 Rb8 31. Kb2 Rbb4 32. Rfd3 a5 33. a3 Rb7 34.
Rc3 Kf8 35. Kc2 Rxc3+ 36. Kxc3 Rc7+ 37. Kb2 Ke7 38. Rc1 Ra7 39. Kc3 f6 40. f4
Kd6 41. Re1 Rc7+ 42. Kd3 g5 43. hxg5 hxg5 44. fxg5 fxg5 45. Re5 Rg7 46. Kc3 Rh7
47. Rxg5 Rh3+ 48. Kc2 a4 49. bxa4 Rxa3 50. Re5 Rxa4 51. Kd3 Ra3+ 52. Ke2 Ke7 53.
g5 Rg3 54. Kd2 Kf7 55. Ke2 Rh3 56. Kd2 Rf3 57. Ke2 Rf4 58. Ke3 Rf1 59. Kd3 Rd1+
60. Kc3 Ke7 61. Re3 Rf1 62. Re5 Rd1 63. Re3 Kd6 64. Re5 Kd7 65. Re2 Ke7 66. Re3
Kf7 67. Re5 Rb1 68. Kd3 Rf1 69. Ke2 Rf4 70. Ke3 Rh4 71. Kd3 Rh1 72. Ke2 Ra1 73.
Kd2 Ra6 74. Kd3 Kg6 1/2-1/2

[Event "Druzynowe Mistrzostwa Polski Juniorow - II liga"]
[Site "Sypniewo k. Jastowia"]
[Date "2024-06-17"]
[Round "5.4"]
[White "Panasiuk, Stanislaw"]
[Black "Seemann, Adam"]
[Result "0-1"]
[WhiteTitle "II"]
[BlackTitle "II"]
[WhiteElo "1445"]
[BlackElo "1596"]

1. e4 c6 2. Nf3 d5 3. Nc3 dxe4 4. Nxe4 Nf6 5. Ng3 e6 6. Bc4 Bd6 7. O-O O-O 8. d4
Nbd7 9. Be3 Qc7 10. Qd2 b6 11. Rad1 Bb7 12. c3 Rfd8 13. a4 c5 14. Ng5 cxd4 15.
Qxd4 Bxg3 16. hxg3 Ne5 17. Qf4 Qc6 18. Bd5 Rxd5 19. Rxd5 Qxd5 20. f3 h6 21. Nh3
Ng6 22. Qb4 Rd8 23. Rf2 Qd6 24. Qb5 Qc6 25. Qb4 Rd1+ 26. Kh2 Nd5 27. Qe4 f5 28.
Qc2 Nxe3 29. Qe2 Qc5 30. c4 Ne5 31. b4 Qd4 32. Nf4 N5g4+ 33. fxg4 Nxg4+ 34. Kh3
Rh1# 0-1

[Event "Druzynowe Mistrzostwa Polski Juniorow - II liga"]
[Site "Sypniewo k. Jastowia"]
[Date "2024-06-17"]
[Round "5.5"]
[White "Seemann, Pola"]
[Black "Tokarz, Izabela"]
[Result "0-1"]
[WhiteTitle "k"]
[BlackTitle "k"]
[WhiteElo "1935"]
[BlackElo "1966"]

1. e4 c5 2. Nf3 Nf6 3. e5 Nd5 4. c4 Nc7 5. d4 cxd4 6. Nxd4 g6 7. Nc3 Bg7 8. f4
O-O 9. Be3 d6 10. exd6 exd6 11. Be2 Re8 12. Bf2 d5 13. O-O dxc4 14. Ndb5 Nxb5
15. Nxb5 Nc6 16. Bxc4 Be6 17. Bxe6 Rxe6 18. Qc2 a6 19. Rad1 Qe7 20. Nc3 Bxc3 21.
Qxc3 Rd8 22. Rde1 Qb4 23. Rxe6 Qxc3 24. Rxg6+ hxg6 25. bxc3 Rd2 26. a3 Rc2 27.
Be1 Ra2 28. Rf3 Rxa3 29. Bh4 Kg7 30. f5 gxf5 31. Rxf5 Rxc3 32. Bf6+ Kg6 33. g4
Rc4 34. h3 Nd4 35. Rf2 Ne2+ 36. Kh2 Rf4 37. Rxf4 Nxf4 38. Bc3 b5 39. Bd2 Nd3 40.
h4 b4 41. h5+ Kh7 42. Kg3 a5 43. Kf3 a4 44. Ke4 a3 45. Be3 a2 46. Bd4 Nc5+ 47.
Kd5 Nb3 48. Bb2 a1=Q 49. Bxa1 Nxa1 50. Kc4 b3 51. Kc3 Kh6 52. Kb2 Nc2 53. Kxb3
Ne3 54. Kc3 Nxg4 55. Kd4 Kxh5 56. Ke4 Kg5 57. Kf3 Kf5 0-1

[Event "Druzynowe Mistrzostwa Polski Juniorow - II liga"]
[Site "Sypniewo k. Jastowia"]
[Date "2024-06-17"]
[Round "5.6"]
[White "Tokarz, Gabriela"]
[Black "Pierchala, Emilia"]
[Result "1-0"]
[WhiteTitle "I++"]
[BlackTitle "II"]
[WhiteElo "1911"]
[BlackElo "1406"]

1. d4 Nf6 2. c4 e6 3. Nf3 d5 4. Nc3 c5 5. cxd5 Nxd5 6. e4 Nxc3 7. bxc3 cxd4 8.
cxd4 Bb4+ 9. Bd2 Bxd2+ 10. Qxd2 O-O 11. Bb5 b6 12. O-O Bb7 13. Bd3 Nd7 14. Bc2
Rc8 15. Rac1 Nf6 16. Rfe1 g6 17. Qh6 Ng4 18. Qf4 Nf6 19. Qh6 Ng4 20. Qf4 Nf6 21.
h3 Kg7 22. Bb1 Qe7 23. Rcd1 Rfd8 24. g4 Ne8 25. h4 Qf6 26. Qg3 Nd6 27. Ng5 Nb5
28. Nf3 Nxd4 29. Nxd4 Rxd4 30. g5 Qd8 31. Qe5+ Kg8 32. Qxd4 Qe7 33. Qd7 Qxd7 34.
Rxd7 Ba6 35. Rxa7 Bb5 36. Rb7 Rc3 37. Rxb6 Ba4 38. Kg2 1-0

[Event "Druzynowe Mistrzostwa Polski Juniorow - II liga"]
[Site "Sypniewo k. Jastowia"]
[Date "2024-06-17"]
[Round "5.7"]
[White "Grech, Kacper"]
[Black "Rekuc, Patryk"]
[Result "0-1"]
[WhiteTitle "II+"]
[BlackTitle "I+"]
[WhiteElo "1822"]
[BlackElo "2076"]

1. d4 Nf6 2. c4 e6 3. Nc3 Bb4 4. a3 Bxc3+ 5. bxc3 O-O 6. f3 d5 7. cxd5 exd5 8.
e3 Bf5 9. Ne2 Nc6 10. Ng3 Ne7 11. Nxf5 Nxf5 12. Bd3 Nd6 13. O-O Re8 14. Ra2 Rc8
15. Re2 c5 16. Qe1 cxd4 17. cxd4 Nc4 18. Qf2 Qd7 19. Kh1 Nd6 20. Rfe1 Qc6 21.
Qh4 Qc3 22. Bb1 Qb3 23. Bd2 Qc4 24. Qf2 Qc6 25. Bb4 b6 26. Bxd6 Qxd6 27. e4 Qxa3
28. e5 Nd7 29. f4 Nf8 30. f5 Rc1 31. f6 g6 32. Qf4 Rxe1+ 33. Rxe1 Ne6 34. Qg4
Rc8 35. Rf1 Rc1 36. Bd3 Rxf1+ 37. Bxf1 Qa1 38. Qe2 Nxd4 39. Qd3 Ne6 40. Qb5 Nc7
41. Qe2 Qd4 42. h3 a5 43. Qe1 a4 44. Bb5 Nxb5 45. e6 Qxf6 46. e7 Nd6 47. e8=Q+
Nxe8 48. Qxe8+ Kg7 49. Qxa4 Qc3 50. Qe8 Qc1+ 51. Kh2 Qf4+ 52. Kh1 d4 53. Qb5 Qc1+
54. Kh2 Qc5 55. Qb2 b5 56. h4 b4 57. Qe2 b3 58. Kg1 d3+ 0-1

[Event "Druzynowe Mistrzostwa Polski Juniorow - II liga"]
[Site "Sypniewo k. Jastowia"]
[Date "2024-06-17"]
[Round "5.8"]
[White "Krol, Jan"]
[Black "Nagly, Krzysztof"]
[Result "1-0"]
[WhiteTitle "I+"]
[BlackTitle "II+"]
[WhiteElo "2002"]
[BlackElo "1815"]

1. e4 c5 2. Nf3 Nc6 3. Bb5 g6 4. Bxc6 bxc6 5. O-O Bg7 6. Re1 Qc7 7. d3 d6 8. Nbd2
e5 9. b3 Ne7 10. Bb2 O-O 11. h3 f5 12. c3 f4 13. d4 cxd4 14. cxd4 Be6 15. Qc2
Rac8 16. dxe5 dxe5 17. Ng5 Bf7 18. Nxf7 Rxf7 19. Nf3 h6 20. Qc5 Qb6 21. Rac1 Qa6
22. Qc4 Qxc4 23. Rxc4 g5 24. Bxe5 Ng6 25. Bxg7 Kxg7 26. Rec1 Rf6 27. Nd4 Ne5 28.
Ra4 Rf7 29. Nf5+ Rxf5 30. exf5 Kf6 31. Rxa7 Kxf5 32. Ra5 Kf6 33. Rd1 Ke6 34. Rc5
Kf6 35. Rd6+ Kf5 36. Rxh6 1-0

[Event "Druzynowe Mistrzostwa Polski Juniorow - II liga"]
[Site "Sypniewo k. Jastowia"]
[Date "2024-06-17"]
[Round "5.9"]
[White "Dobrowolski, Kamil"]
[Black "Chomicki, Kornel"]
[Result "1-0"]
[WhiteTitle "II+"]
[BlackTitle "II+"]
[WhiteElo "1801"]
[BlackElo "1613"]

1. e4 e5 2. Nf3 Nc6 3. Bb5 a6 4. Ba4 Nf6 5. d3 b5 6. Bb3 Be7 7. O-O d6 8. a3 O-O
9. h3 Na5 10. Ba2 c5 11. Nc3 Be6 12. Bg5 h6 13. Bxf6 Bxf6 14. Nd5 Rb8 15. Qd2
Nc6 16. c3 Bxd5 17. Bxd5 Ne7 18. b3 Nxd5 19. exd5 Re8 20. Rfe1 Qd7 21. Rab1 Rb6
22. Qc2 Qb7 23. c4 Rb8 24. Nd2 Bg5 25. Ne4 f5 26. Nc3 bxc4 27. bxc4 Rb3 28. Qa2
Bf6 29. Rxb3 Qxb3 30. Rb1 Qxc3 31. Rxb8+ Kh7 32. Rb3 Qe1+ 33. Kh2 e4 34. Rb1 Be5+
35. g3 Qc3 36. dxe4 fxe4 37. Qe2 Qd4 38. Rd1 Qc3 39. Qxe4+ g6 40. Rb1 Qd2 41.
Rb7+ Bg7 42. Kg2 h5 43. Qe7 Qd4 44. Qxg7+ Qxg7 45. Rxg7+ Kxg7 46. Kf3 Kf6 47.
Ke4 a5 48. h4 a4 49. Kf4 1-0

[Event "Druzynowe Mistrzostwa Polski Juniorow - II liga"]
[Site "Sypniewo k. Jastowia"]
[Date "2024-06-17"]
[Round "5.10"]
[White "Dunda, Szymon"]
[Black "Sakharchuk, Aliaksandr"]
[Result "1-0"]
[WhiteTitle "II"]
[BlackTitle "I"]
[WhiteElo "1548"]
[BlackElo "1711"]

1. e4 e6 2. d4 d5 3. Bd3 Nf6 4. e5 Nfd7 5. Nf3 c5 6. c3 Nc6 7. O-O Be7 8. Re1 Qb6
9. Bc2 h6 10. h3 Qc7 11. Nbd2 b5 12. Nf1 a5 13. Ng3 b4 14. Nh2 cxd4 15. cxd4 Nxd4
16. Ba4 Nc6 17. f4 Bh4 18. Qg4 Bxg3 19. Qxg3 g6 20. Be3 Nb6 21. Bxc6+ Qxc6 22.
Rac1 Qb7 23. Bc5 h5 24. Qg5 Nc4 25. b3 Nd2 26. Rcd1 Qc7 27. Bd6 Qa7+ 28. Kh1 Ne4
29. Rxe4 dxe4 30. Rc1 Ba6 31. Rc7 Qxc7 32. Bxc7 O-O 33. Bd6 Rfc8 34. Be7 Rc1+
35. Nf1 Rxf1+ 36. Kh2 e3 37. Qh6 e2 38. Bf6 Rh1+ 39. Kxh1 1-0

[Event "Druzynowe Mistrzostwa Polski Juniorow - II liga"]
[Site "Sypniewo k. Jastowia"]
[Date "2024-06-17"]
[Round "5.11"]
[White "Popczynska, Maja"]
[Black "Szczotka, Matylda"]
[Result "1/2-1/2"]
[WhiteTitle "I+"]
[BlackTitle "I"]
[WhiteElo "1812"]
[BlackElo "1670"]

1. e4 e5 2. Nf3 Nc6 3. Bc4 Bc5 4. c3 Nf6 5. d3 d6 6. Bb3 Bb6 7. O-O h6 8. Re1 O-O
9. Be3 Bxe3 10. fxe3 Re8 11. Nbd2 Nh7 12. Nf1 Na5 13. Bc2 Ng5 14. Ng3 g6 15. Rf1
Bg4 16. Kh1 Kg7 17. Qe1 c5 18. Qf2 Qe7 19. Bd1 Bd7 20. Nh4 Rf8 21. Ne2 c4 22.
Bc2 cxd3 23. Bxd3 Kh7 24. Qf6 Qxf6 25. Rxf6 Be6 26. Raf1 Kg7 27. b3 b6 28. R6f2
Nb7 29. Ng3 Nc5 30. Bc2 a5 31. Rd1 Rfd8 32. c4 a4 33. Nf3 axb3 34. Nxg5 hxg5 35.
Bxb3 Ra3 36. Rb2 Ra6 37. h3 g4 38. hxg4 1/2-1/2

[Event "Druzynowe Mistrzostwa Polski Juniorow - II liga"]
[Site "Sypniewo k. Jastowia"]
[Date "2024-06-17"]
[Round "5.12"]
[White "Saliuk, Maryia"]
[Black "Popczynska, Michalina"]
[Result "0-1"]
[WhiteTitle "I"]
[BlackTitle "I"]
[WhiteElo "1503"]
[BlackElo "1857"]

1. e4 c5 2. b4 cxb4 3. a3 e6 4. axb4 Bxb4 5. c3 Be7 6. d4 d5 7. e5 Nc6 8. Bd3 Bd7
9. Nf3 Qc7 10. Ng5 Qd8 11. Nf3 Rc8 12. Bd2 h6 13. Na3 a6 14. Nc2 Qc7 15. Ne3 Na5
16. O-O Bd8 17. h3 Ne7 18. Nh2 Nc4 19. Nxc4 dxc4 20. Bc2 Nd5 21. Qg4 Kf8 22. Qf3
Bc6 23. Qg3 Qe7 24. Nf3 Nb6 25. Bc1 Qd7 26. Nd2 Bd5 27. f4 g6 28. Ne4 Bxe4 29.
Bxe4 Nd5 30. Qf3 Be7 31. g4 Rd8 32. Kh1 h5 33. gxh5 Rxh5 34. Rg1 Rh8 35. Qg3 Bh4
36. Ba3+ Be7 37. Bb2 Rc8 38. Raf1 Ke8 39. Rf3 Kd8 40. Ra1 Bh4 41. Qg2 Kc7 42.
Ba3 Be7 43. Qb2 Bxa3 44. Qxa3 Rh4 45. Rb1 Rch8 46. Kg2 Kd8 47. Bxd5 Qxd5 48. Kf2
Rxh3 49. Rxh3 Rxh3 50. Qf8+ Kc7 51. Qxf7+ Kb8 52. Qf8+ Ka7 53. Qc5+ Qxc5 54. dxc5
Rxc3 55. Rb6 Rd3 56. Rxe6 c3 57. Ke2 c2 58. Kxd3 c1=Q 59. Ke4 Qc4+ 0-1

[Event "Druzynowe Mistrzostwa Polski Juniorow - II liga"]
[Site "Sypniewo k. Jastowia"]
[Date "2024-06-17"]
[Round "5.13"]
[White "Lechowski, Witold"]
[Black "Klim, Filip"]
[Result "1/2-1/2"]
[WhiteTitle "I+"]
[BlackTitle "k"]
[WhiteElo "2014"]
[BlackElo "1914"]

1. d4 d5 2. c4 e6 3. Nf3 c6 4. Nbd2 Nf6 5. g3 Be7 6. Bg2 O-O 7. O-O Nbd7 8. b3
b6 9. Bb2 Bb7 10. Rc1 Rc8 11. Ne1 c5 12. Nd3 Re8 13. Re1 cxd4 14. Bxd4 Ba3 15.
Rb1 e5 16. Ba1 e4 17. Nf4 e3 18. fxe3 Bc5 19. Bd4 Qe7 20. h3 Bxd4 21. exd4 Qe3+
22. Kh2 Qxd4 23. Nf1 Qe5 24. Nd2 Nc5 25. cxd5 Nce4 26. Nxe4 Nxe4 27. Qd3 Rcd8
28. Qxe4 Qxe4 29. Bxe4 Rxe4 30. Rbd1 Kf8 31. h4 Ke7 32. Rd2 g6 33. Rc1 Kd6 34.
Kg2 h6 35. Kf3 Rde8 36. Rc3 R4e5 37. Kf2 g5 38. hxg5 hxg5 39. Ng2 Rxd5 40. Rxd5+
Bxd5 41. Rd3 Kc6 42. Ne3 Be4 43. Rc3+ Kd7 44. Nc4 f5 45. Nd2 Bc6 46. Rd3+ Kc7
47. Rc3 Kd7 48. Rd3+ Kc7 49. Rc3 Kd7 50. Nc4 Be4 51. Nd2 1/2-1/2

[Event "Druzynowe Mistrzostwa Polski Juniorow - II liga"]
[Site "Sypniewo k. Jastowia"]
[Date "2024-06-17"]
[Round "5.14"]
[White "Urych, Krzysztof"]
[Black "Czak, Dominik"]
[Result "0-1"]
[WhiteTitle "I"]
[BlackTitle "I"]
[WhiteElo "1782"]
[BlackElo "1739"]

1. e4 c5 2. Nf3 e6 3. d4 cxd4 4. Nxd4 Nc6 5. Nc3 Qc7 6. Be2 a6 7. O-O Nf6 8. Be3
b5 9. Nxc6 dxc6 10. f4 Bb7 11. e5 Nd5 12. Nxd5 cxd5 13. c3 Bc5 14. Bxc5 Qxc5+
15. Qd4 Rc8 16. Rac1 Qxd4+ 17. cxd4 Kd7 18. Kf2 Rxc1 19. Rxc1 Rc8 20. Rxc8 Bxc8
21. g4 Ke7 22. Bd3 g6 23. Ke3 Bd7 24. h4 a5 25. h5 f5 26. hxg6 hxg6 27. Kf3 Kf7
28. Kg3 Kg7 29. Be2 Kh6 30. Bd1 Bc6 31. Kf2 Bd7 32. Ke3 fxg4 33. Bxg4 g5 34. Kf3
gxf4 35. Kxf4 Kg6 36. Be2 Kf7 37. Kg5 Ke7 38. b3 Be8 39. Bh5 Bc6 40. Kh6 b4 41.
Be2 Be8 42. Kg7 Bc6 43. Ba6 Be8 44. Kh6 Bc6 45. Bc8 Bb5 46. Kg5 Bd3 47. Bb7 Bb1
48. Bc6 Bxa2 49. Ba4 Kf7 50. Kh6 Bb1 51. Kg5 Ke7 52. Kf4 Bg6 53. Kg5 Be8 54. Kf4
Bxa4 55. bxa4 b3 0-1

[Event "Druzynowe Mistrzostwa Polski Juniorow - II liga"]
[Site "Sypniewo k. Jastowia"]
[Date "2024-06-17"]
[Round "5.15"]
[White "Pelczarski, Wojciech"]
[Black "Lesik, Sebastian"]
[Result "0-1"]
[WhiteTitle "II+"]
[BlackTitle "I"]
[WhiteElo "1663"]
[BlackElo "1845"]

1. d4 Nf6 2. c4 e6 3. Nc3 Bb4 4. Bg5 b6 5. Nf3 h6 6. Bh4 g5 7. Bg3 Ne4 8. Qc2 f5
9. e3 Bb7 10. a3 Bxc3+ 11. bxc3 d6 12. Bd3 Nd7 13. Bxe4 Bxe4 14. Qb3 Qf6 15. Qd1
O-O-O 16. O-O e5 17. h3 f4 18. Bh2 h5 19. Re1 g4 20. exf4 Bxf3 21. gxf3 exf4 22.
Kh1 Qh4 23. Rg1 Qxh3 24. Qf1 Qxf3+ 25. Qg2 Qxg2+ 26. Kxg2 f3+ 27. Kg3 Nf6 28.
Rae1 h4+ 0-1

[Event "Druzynowe Mistrzostwa Polski Juniorow - II liga"]
[Site "Sypniewo k. Jastowia"]
[Date "2024-06-17"]
[Round "5.16"]
[White "Mroczkowski, Adam"]
[Black "Krawczyk, Eryk"]
[Result "0-1"]
[WhiteTitle "I"]
[BlackTitle "II"]
[WhiteElo "1714"]
[BlackElo "1528"]

1. e4 c6 2. d4 d5 3. exd5 cxd5 4. c4 Nf6 5. Nc3 Nc6 6. Nf3 Bg4 7. cxd5 Nxd5 8.
Qb3 Bxf3 9. gxf3 Nxc3 10. bxc3 Qc7 11. Rb1 Rb8 12. d5 Ne5 13. Be2 g6 14. Be3 b6
15. Bd4 f6 16. c4 Nd7 17. Qe3 Bg7 18. O-O O-O 19. Rfe1 Rbe8 20. a4 f5 21. Bf1
Qd6 22. Bxg7 Kxg7 23. a5 Nc5 24. f4 Rf6 25. axb6 axb6 26. Qe5 Ne4 27. Bd3 Nd2
28. Kg2 Nxb1 29. Rxb1 Ra8 30. Bc2 Kf8 31. Bb3 Ra3 32. Kf1 Qb4 33. Qb2 Ra8 34.
Qe2 Qc3 35. Kg2 Qd4 36. Re1 Qc5 37. Qf3 Ra3 38. Re3 Qd4 39. Qe2 Qxf4 40. f3 Qg5+
41. Kh3 f4 42. Rxe7 Rxb3 43. Rxh7 Re3 44. Qf2 Rf7 45. Rh8+ Kg7 46. Rh4 Rfe7 47.
Qb2+ R7e5 48. Qxb6 Rxf3# 0-1

[Event "Druzynowe Mistrzostwa Polski Juniorow - II liga"]
[Site "Sypniewo k. Jastowia"]
[Date "2024-06-17"]
[Round "5.18"]
[White "Jankiewicz, Lucja"]
[Black "Lechowska, Liliana"]
[Result "1-0"]
[WhiteTitle "II+"]
[BlackTitle "II"]
[WhiteElo "1451"]
[BlackElo "1558"]

1. e4 c5 2. Nf3 e6 3. c3 d5 4. e5 Nc6 5. d4 cxd4 6. cxd4 Bb4+ 7. Bd2 Bxd2+ 8. Qxd2
Nge7 9. Bd3 O-O 10. O-O Qb6 11. Nc3 Nb4 12. Be2 Nf5 13. a3 Nc6 14. Na4 Qc7 15.
Rac1 Qd7 16. Bb5 a6 17. Bxc6 bxc6 18. Nb6 Qb7 19. Nxa8 Qxa8 20. Qc3 Bb7 21. Nd2
a5 22. a4 Ba6 23. Rfe1 Qa7 24. Nb3 Rc8 25. Qxa5 Qb7 26. Nc5 Qxb2 27. Qxa6 Rb8
28. Nd7 Rd8 29. Qb6 Qxb6 30. Nxb6 Nxd4 31. a5 Nb3 32. Rxc6 Nxa5 33. Rc8 Rxc8 34.
Nxc8 Kf8 35. Rd1 Ke8 36. Nb6 Kd8 37. Nxd5 exd5 38. Rxd5+ Ke7 39. Rxa5 Ke6 40.
f4 1-0

[Event "Druzynowe Mistrzostwa Polski Juniorow - II liga"]
[Site "Sypniewo k. Jastowia"]
[Date "2024-06-17"]
[Round "5.19"]
[White "Podgorski, Jakub"]
[Black "Stepinski, Piotr"]
[Result "0-1"]
[WhiteTitle "II"]
[BlackTitle "I+"]
[WhiteElo "1685"]
[BlackElo "1925"]

1. d4 d6 2. c4 e5 3. dxe5 dxe5 4. Qxd8+ Kxd8 5. Nc3 c6 6. Bg5+ f6 7. O-O-O Kc7
8. Bh4 Be6 9. e3 Nd7 10. Be2 Ne7 11. f4 Nf5 12. Bf2 Bc5 13. Bg4 exf4 14. Ne4 Bxe3+
15. Bxe3 fxe3 16. Nf3 g6 17. b3 Ng7 18. Bxe6 Nxe6 19. Rd3 Nec5 20. Rxe3 Rae8 21.
Rhe1 Rxe4 22. Rxe4 Nxe4 23. Rxe4 Kd8 24. Kd2 Re8 25. Rd4 Kc7 26. h3 Ne5 27. Nxe5
Rxe5 28. Rf4 f5 29. g4 Kd6 30. Rd4+ Ke7 31. a3 Kf6 32. Rd7 Re7 33. g5+ Ke6 34.
Rd4 Rd7 35. Ke3 Rxd4 36. Kxd4 b6 37. h4 c5+ 38. Kd3 Ke5 39. Ke3 f4+ 40. Kf3 Kf5
41. b4 a5 42. bxa5 bxa5 43. a4 Ke5 44. Kg4 Ke4 45. h5 f3 0-1

[Event "Druzynowe Mistrzostwa Polski Juniorow - II liga"]
[Site "Sypniewo k. Jastowia"]
[Date "2024-06-17"]
[Round "5.20"]
[White "Gawlik, Olivier"]
[Black "Klisowski, Bartosz"]
[Result "0-1"]
[WhiteTitle "I"]
[BlackTitle "I+"]
[WhiteElo "1765"]
[BlackElo "1864"]

1. e4 c5 2. Nf3 d6 3. Bb5+ Bd7 4. Bxd7+ Nxd7 5. c4 Ngf6 6. Nc3 e6 7. d4 cxd4 8.
Qxd4 a6 9. O-O Be7 10. Be3 O-O 11. h3 Qa5 12. Bd2 Qc7 13. b3 Rfd8 14. Rfd1 Ne5
15. Qe3 Qc5 16. Nd4 Nc6 17. Nxc6 Qxc6 18. Qe2 Nd7 19. Rac1 Bf6 20. f3 Nc5 21.
Be3 Bxc3 22. Rxc3 Rd7 23. Kh1 Rad8 24. Bg5 f6 25. Be3 a5 26. a4 Qb6 27. Bxc5 dxc5
28. Rcd3 Rd4 29. Kg1 e5 30. Kf2 Qe6 31. Rxd4 exd4 32. Qd2 Qb6 33. Qc2 Qc7 34.
Qd2 Re8 35. Re1 g5 36. Re2 h5 37. Re1 Re6 38. Rh1 h4 39. Re1 Kg7 40. Kf1 Qb6 41.
Qd3 Qd6 42. Qd2 Qc7 43. Re2 Kf7 44. Re1 Qb6 45. Qd3 Kg7 46. Kf2 Qb4 47. Qc2 Rd6
48. Rd1 Qc3 49. Qxc3 dxc3 50. Rc1 Rd2+ 51. Ke3 Rxg2 52. Rxc3 Rh2 53. Rd3 Rxh3
54. Rd7+ Kg6 55. Kf2 g4 56. fxg4 Rxb3 57. Rd5 b6 58. Rh5 h3 59. e5 fxe5 60. Rxe5
Rb4 61. Kg3 Rxc4 62. Kxh3 Rxa4 63. Re6+ Kg5 64. Rxb6 Ra3+ 65. Kg2 Kxg4 66. Rc6
Ra2+ 67. Kg1 Rc2 68. Ra6 Kg3 69. Rg6+ Kf3 70. Ra6 Rg2+ 71. Kh1 Ra2 72. Rc6 Rc2
73. Ra6 c4 74. Rxa5 Rc1+ 75. Kh2 c3 76. Ra8 Rd1 77. Ra3 Rd3 78. Ra8 Ke2 79. Kg2
c2 80. Ra1 Kd2 81. Ra2 Kd1 0-1

[Event "Druzynowe Mistrzostwa Polski Juniorow - II liga"]
[Site "Sypniewo k. Jastowia"]
[Date "2024-06-17"]
[Round "5.21"]
[White "Kiszkiel, Oskar"]
[Black "Haladaj, Adam"]
[Result "1/2-1/2"]
[WhiteTitle "I"]
[BlackTitle "I"]
[WhiteElo "1741"]
[BlackElo "1873"]

1. e4 c6 2. d4 d5 3. exd5 cxd5 4. Bd3 Nf6 5. Bf4 Bg4 6. f3 Bh5 7. Ne2 Nc6 8. c3
e6 9. Qb3 Qd7 10. O-O Bg6 11. Rd1 Bxd3 12. Rxd3 Na5 13. Qc2 Rc8 14. Ng3 Bd6 15.
Be5 Nc6 16. Bxf6 gxf6 17. Qd2 h5 18. Qe3 Ne7 19. f4 h4 20. Ne2 Nf5 21. Qf3 Ke7
22. Nd2 Qc6 23. Nf1 Rcg8 24. Ne3 Nxe3 25. Rxe3 f5 26. Nc1 Rg4 27. Nd3 Rhg8 28.
Re2 Kd8 29. Rf2 Qc7 30. Qe3 Ke7 31. Rc1 Qc6 32. Rcc2 b5 33. Ne5 Bxe5 34. dxe5
Qc7 35. Qd4 Rc8 36. Rcd2 Qa5 37. a3 Rc4 38. Qe3 Qc7 39. Rf3 Re4 40. Qf2 Kd8 41.
h3 Rg3 42. Rxg3 hxg3 43. Qxg3 Qc4 44. Rf2 Re1+ 45. Kh2 Qe4 46. Qg8+ Ke7 47. Qc8
1/2-1/2

[Event "Druzynowe Mistrzostwa Polski Juniorow - II liga"]
[Site "Sypniewo k. Jastowia"]
[Date "2024-06-17"]
[Round "5.22"]
[White "Szymczyk, Jan"]
[Black "Janeczek, Maksymilian"]
[Result "0-1"]
[WhiteTitle "II"]
[BlackTitle "II"]
[WhiteElo "1520"]
[BlackElo "1570"]

1. e4 c5 2. Nf3 e6 3. d4 cxd4 4. Nxd4 Nf6 5. Nc3 d6 6. Bb5+ Bd7 7. Bxd7+ Nbxd7
8. O-O a6 9. Re1 Be7 10. Bg5 O-O 11. Qd2 Qc7 12. Rad1 b5 13. a3 Rac8 14. Re3 Ne5
15. Rh3 Rfd8 16. Qc1 Ng6 17. Nb3 Qa7 18. Be3 Qb7 19. Na5 Qa8 20. f3 d5 21. exd5
Nxd5 22. Nxd5 Rxd5 23. Rxd5 Qxd5 24. Nb3 Qc4 25. Na1 Bc5 26. Bxc5 Rxc5 27. Rg3
Nf4 28. Qd2 Rd5 29. Qe1 Ne2+ 30. Kf2 Qd4+ 31. Kxe2 Re5+ 32. Kf1 Rxe1+ 33. Kxe1
Qg1+ 34. Kd2 Qxa1 35. Kc3 Qe1+ 36. Kb3 Qe3+ 37. c3 f5 38. Kb4 Qe2 39. b3 Qd3 40.
c4 Qd6+ 41. c5 Qd2# 0-1

[Event "Druzynowe Mistrzostwa Polski Juniorow - II liga"]
[Site "Sypniewo k. Jastowia"]
[Date "2024-06-17"]
[Round "5.23"]
[White "Gajec, Roza"]
[Black "Banasiak, Adrianna"]
[Result "1/2-1/2"]
[WhiteTitle "I"]
[BlackTitle "I+"]
[WhiteElo "1771"]
[BlackElo "1774"]

1. c4 Nf6 2. g3 d5 3. cxd5 Qxd5 4. Nf3 Nc6 5. Nc3 Qd8 6. Bg2 e5 7. d3 Be7 8. O-O
O-O 9. b3 h6 10. Bb2 Be6 11. Rc1 Qd7 12. Qd2 Bh3 13. Rfd1 Bxg2 14. Kxg2 Rab8 15.
h3 Nd5 16. Nxd5 Qxd5 17. e4 Qe6 18. Qe3 b6 19. d4 exd4 20. Nxd4 Nxd4 21. Qxd4
Qg6 22. Rc6 Bc5 23. Qe5 Bd6 24. Qd4 Rbe8 25. Re1 f6 26. Qd5+ Kh8 27. Qd3 Re7 28.
Rc2 Rfe8 29. Rce2 Bb4 30. Rc1 Kh7 31. a3 Bd6 32. Rce1 a5 33. Kh2 h5 34. Qf3 h4
35. Re3 hxg3+ 36. fxg3 Be5 37. Bc1 Bd4 38. R3e2 c5 39. Qf4 Qh5 40. g4 Qe5 41.
Kg3 Qxf4+ 42. Kxf4 Rd7 43. Rd2 Be5+ 44. Kf3 Red8 45. Red1 Rxd2 46. Rxd2 Rxd2 47.
Bxd2 a4 48. bxa4 Bb2 49. Ke3 Bxa3 50. Kd3 Bb2 51. Kc4 1/2-1/2

[Event "Druzynowe Mistrzostwa Polski Juniorow - II liga"]
[Site "Sypniewo k. Jastowia"]
[Date "2024-06-17"]
[Round "5.24"]
[White "Grad, Barbara"]
[Black "Gruszecka, Alicja"]
[Result "1/2-1/2"]
[WhiteTitle "II"]
[BlackTitle "I"]
[WhiteElo "1509"]
[BlackElo "1719"]

1. e4 e5 2. Nf3 Nc6 3. d4 exd4 4. Bc4 Nf6 5. e5 d5 6. Bb5 Ne4 7. Nxd4 Bd7 8. Bxc6
bxc6 9. O-O Bc5 10. f3 Ng5 11. Be3 O-O 12. Qd2 Ne6 13. c3 f6 14. Nxe6 Bxe3+ 15.
Qxe3 Bxe6 16. exf6 Qxf6 17. Nd2 Rfe8 18. Qf2 Bf5 19. Nb3 Qd6 20. Rfe1 Bg6 21.
Rxe8+ Rxe8 22. Re1 Rxe1+ 23. Qxe1 Kf7 24. Qe3 Qe7 25. Qxe7+ Kxe7 26. Kf2 Kd6 27.
Ke3 c5 28. Na5 Bf5 29. Nb7+ Kc6 30. Nd8+ Kd7 31. Nf7 Ke6 32. Nd8+ Kd7 33. Nf7
Ke6 34. Nd8+ Kd7 35. Nf7 Ke6 1/2-1/2

[Event "Druzynowe Mistrzostwa Polski Juniorow - II liga"]
[Site "Sypniewo k. Jastowia"]
[Date "2024-06-17"]
[Round "5.25"]
[White "Mazurek, Filip"]
[Black "Nowicki, Bartosz"]
[Result "1-0"]
[WhiteTitle "I"]
[BlackTitle "II+"]
[WhiteElo "1879"]
[BlackElo "1854"]

1. e4 c5 2. Nf3 e6 3. d4 cxd4 4. Nxd4 Nf6 5. Nc3 Nc6 6. Ndb5 Bb4 7. a3 Bxc3+ 8.
Nxc3 d5 9. exd5 exd5 10. Bd3 O-O 11. O-O d4 12. Ne4 Nxe4 13. Bxe4 Qf6 14. Qh5
h6 15. Bd2 Re8 16. Rfe1 Re5 17. Qf3 Qxf3 18. Bxf3 Rxe1+ 19. Rxe1 Be6 20. Bf4 Rd8
21. Be4 Bc4 22. b3 Be6 23. f3 Rd7 24. Kf2 d3 25. Bxd3 g5 26. Bc1 Bxb3 27. Bf5
Be6 28. Rxe6 fxe6 29. Bxe6+ Rf7 30. Ke3 Kf8 31. Bxf7 Kxf7 32. Ke4 Ke6 33. Be3
a6 34. g3 Ne7 35. Bc5 Nd5 36. Bd4 b5 37. g4 a5 38. Bg7 b4 39. axb4 Nxb4 40. Bxh6
a4 41. Bxg5 Nxc2 42. Bd2 a3 43. Bc3 a2 44. Kd3 Ne1+ 45. Ke2 Nc2 46. Kd2 Nb4 47.
f4 Kf7 48. f5 Nd5 49. Bb2 Nf6 50. h3 Ne4+ 51. Ke2 Nc5 52. h4 Nb3 53. Kd3 Nc5+
54. Kc4 Ne4 55. Kb3 Nf2 56. g5 Ne4 57. g6+ Kg8 58. h5 Ng5 59. h6 1-0

[Event "Druzynowe Mistrzostwa Polski Juniorow - II liga"]
[Site "Sypniewo k. Jastowia"]
[Date "2024-06-17"]
[Round "5.26"]
[White "Nawrocki, Michal"]
[Black "Kryston, Aleksander"]
[Result "1/2-1/2"]
[WhiteTitle "I"]
[BlackTitle "II+"]
[WhiteElo "1771"]
[BlackElo "1772"]

1. e4 c5 2. Nf3 d6 3. d4 cxd4 4. Nxd4 Nf6 5. Nc3 a6 6. Bg5 e6 7. f4 Qb6 8. Nb3
Nbd7 9. Qf3 Be7 10. O-O-O h6 11. Bh4 Qc7 12. Be2 b5 13. e5 Bb7 14. Qf2 dxe5 15.
fxe5 Ne4 16. Nxe4 Bxe4 17. Bxb5 axb5 18. Bxe7 Qxc2+ 19. Qxc2 Bxc2 20. Kxc2 Kxe7
21. Rhe1 Rxa2 22. Nd4 Rc8+ 23. Kb3 Ra4 24. Nxb5 Nc5+ 25. Kc2 Ne4+ 26. Kb3 Nc5+
27. Kc2 Ne4+ 28. Kb3 Nc5+ 29. Kc2 1/2-1/2

[Event "Druzynowe Mistrzostwa Polski Juniorow - II liga"]
[Site "Sypniewo k. Jastowia"]
[Date "2024-06-17"]
[Round "5.27"]
[White "Etut, Filbert"]
[Black "Nowicki, Franciszek"]
[Result "1-0"]
[WhiteTitle "I"]
[BlackTitle "II"]
[WhiteElo "1815"]
[BlackElo "1758"]

1. e4 c5 2. Nf3 e6 3. b4 cxb4 4. d4 d5 5. e5 Nc6 6. a3 bxa3 7. c3 Bd7 8. Bd3 Nge7
9. h4 Nc8 10. Ng5 h6 11. Qh5 hxg5 12. Qxh8 gxh4 13. Bxa3 N8e7 14. Rxh4 g6 15.
Qf6 Ng8 16. Qh8 Nce7 17. Bc5 b6 18. Bd6 a5 19. Na3 Rc8 20. Nb5 Rc6 21. Bc7 Qa8
22. Nd6+ Rxd6 23. exd6 Nf5 24. Bxf5 gxf5 25. Qxg8 1-0